Personality isn’t permanent : break free from self-limiting beliefs and rewrite your story / Benjamin Hardy PhD. (Record no. 22277)

000 -LEADER
fixed length control field 00817nam a22001817a 4500
020 ## - INTERNATIONAL STANDARD BOOK NUMBER
ISBN 9780593083314
082 ## - DEWEY DECIMAL CLASSIFICATION NUMBER
Classification number 155.2
Item number H268 2020
100 ## - MAIN ENTRY--AUTHOR NAME
Personal name Hardy, Benjamin, author
245 ## - TITLE STATEMENT
Title Personality isn’t permanent : break free from self-limiting beliefs and rewrite your story / Benjamin Hardy PhD.
250 ## - EDITION STATEMENT
Edition statement First edition
260 ## - PUBLICATION, DISTRIBUTION, ETC. (IMPRINT)
Place of publication New York, N.Y. :
Name of publisher Portfolio /Penguin,
Year of publication c2020
300 ## - PHYSICAL DESCRIPTION
Number of Pages 250 pages :
Other physical details illutrations.
500 ## - GENERAL NOTE
General note Includes bibliographical references and index
520 ## - SUMMARY, ETC.
Summary, etc A self-help book that challenges the belief that personality is fixed, arguing that individuals can intentionally change and design their identity through goals, choices, and environment.
650 ## - SUBJECT ADDED ENTRY--TOPICAL TERM
Topical Term Personality - Motivation (Psychology).
856 ## - ELECTRONIC LOCATION AND ACCESS
Uniform Resource Identifier https://lccn.loc.gov/2020002303
942 ## - ADDED ENTRY ELEMENTS (KOHA)
Koha item type Electronic Books
Holdings
Source of acquisition Permanent Location Date acquired Collection code Koha item type Lost status Shelving location Withdrawn status Current Location Full call number
DonationsCagayan State University - Carig Library2026-04-15E-BooksElectronic Books E-Resource Section Cagayan State University - Carig Library155.2 H268 2020

Cagayan State University University Library, Carig Campus
Tuguegarao City, Cagayan 3500 | www.csucarig.edu.ph

Powered by Koha